White paper (Record no. 84799)
[ view plain ]
| 000 -LEADER | |
|---|---|
| fixed length control field | 00896cab a22002655a 4500 |
| 001 - CONTROL NUMBER | |
| control field | L159093 |
| 008 - FIXED-LENGTH DATA ELEMENTS--GENERAL INFORMATION | |
| fixed length control field | 120731s2015 xxk f s 000 0 eng d |
| 035 ## - SYSTEM CONTROL NUMBER | |
| System control number | (Sirsi) u159093 |
| 041 0# - LANGUAGE CODE | |
| Language code of text/sound track or separate title | eng |
| 100 1# - MAIN ENTRY--PERSONAL NAME | |
| Personal name | Stone, Angus |
| 245 00 - TITLE STATEMENT | |
| Title | White paper |
| Remainder of title | Construction fire alarm law explained |
| 260 ## - PUBLICATION, DISTRIBUTION, ETC. | |
| Date of publication, distribution, etc. | 2015 |
| 490 #0 - SERIES STATEMENT | |
| Series statement | Building Engineer |
| Volume/sequential designation | 91(1) January 2015, 12-13(2) |
| 520 ## - SUMMARY, ETC. | |
| Summary, etc. | Offers an explanatory guide to the legislative background and standardised requirements for fire alarm systems intended for a construction site environment. |
| 590 ## - LOCAL NOTE (RLIN) | |
| Local note | KA |
| 650 24 - SUBJECT ADDED ENTRY--TOPICAL TERM | |
| Topical term or geographic name entry element | MANAGEMENT-HEALTH AND SAFETY-FIRE SAFETY |
| 650 24 - SUBJECT ADDED ENTRY--TOPICAL TERM | |
| Topical term or geographic name entry element | REGULATORY REFORM (FIRE SAFETY) ORDER 2005 |
| 650 24 - SUBJECT ADDED ENTRY--TOPICAL TERM | |
| Topical term or geographic name entry element | BS 5839-1: 2013 |
| 650 24 - SUBJECT ADDED ENTRY--TOPICAL TERM | |
| Topical term or geographic name entry element | EN 54 |
| 650 24 - SUBJECT ADDED ENTRY--TOPICAL TERM | |
| Topical term or geographic name entry element | CDM 2015 |
| 651 #4 - SUBJECT ADDED ENTRY--GEOGRAPHIC NAME | |
| Geographic name | United Kingdom |
| Chronological subdivision | |
| 690 ## - LOCAL SUBJECT ADDED ENTRY--TOPICAL TERM (OCLC, RLIN) | |
| Topical term or geographic name as entry element | Health and safety |
| 9 (RLIN) | 6244 |
| 710 ## - ADDED ENTRY--CORPORATE NAME | |
| Corporate name or jurisdiction name as entry element | Association of Building Engineers. |
| 9 (RLIN) | 1804 |
| 942 ## - ADDED ENTRY ELEMENTS (KOHA) | |
| Suppress in OPAC | 0 |
| Withdrawn status | Lost status | Source of classification or shelving scheme | Damaged status | Not for loan | Home library | Current library | Shelving location | Date acquired | Total Checkouts | Full call number | Barcode | Date last seen | Copy number | Price effective from | Koha item type |
|---|---|---|---|---|---|---|---|---|---|---|---|---|---|---|---|
| Dewey Decimal Classification | London | London | Journal article | 18/01/2016 | L159093 | 159093-1001 | 06/08/2019 | 1 | 06/08/2019 | Journal article |